Coorg invented nineteenth century european writings on kodagu. (Record no. 103957)
[ view plain ]
| 000 -LEADER | |
|---|---|
| fixed length control field | 00440nam a2200145Ia 4500 |
| 008 - FIXED-LENGTH DATA ELEMENTS--GENERAL INFORMATION | |
| fixed length control field | 210210b1998 xxu||||| |||| 00| 0 eng d |
| 082 ## - DEWEY DECIMAL CLASSIFICATION NUMBER | |
| Classification number | 954.87 RAOC |
| 100 ## - MAIN ENTRY--PERSONAL NAME | |
| Personal name | RAO (B Surendra) and LOKESH (K M). |
| 245 ## - TITLE STATEMENT | |
| Title | Coorg invented nineteenth century european writings on kodagu. |
| 260 ## - PUBLICATION, DISTRIBUTION, ETC. | |
| Place of publication, distribution, etc. | Madikeri. |
| Name of publisher, distributor, etc. | Forum for Kodagu Studies., |
| Date of publication, distribution, etc. | 1998 |
| 300 ## - PHYSICAL DESCRIPTION | |
| Extent | viii,278 |
| 650 ## - SUBJECT ADDED ENTRY--TOPICAL TERM | |
| Topical term or geographic name entry element | Coorg Kodagu<br/><br/><br/><br/> |
| 690 ## - LOCAL SUBJECT ADDED ENTRY--TOPICAL TERM (OCLC, RLIN) | |
| Topical term or geographic name as entry element | Karnataka Histor |
| 906 ## - LOCAL DATA ELEMENT F, LDF (RLIN) | |
| a | 05679 |
| Withdrawn status | Lost status | Damaged status | Not for loan | Collection code | Home library | Current library | Shelving location | Date acquired | Source of acquisition | Cost, normal purchase price | Total Checkouts | Full call number | Barcode | Date last seen | Price effective from | Koha item type |
|---|---|---|---|---|---|---|---|---|---|---|---|---|---|---|---|---|
| St Aloysius Library | St Aloysius Library | 02/17/2021 | Athree Book Centre, Mangalore-01. | 195.00 | 954.87 RAOC | 056790 | 02/17/2021 | 02/17/2021 | Book |